100 Największych Miast Europy - Statystyki

Ogólne statystyki
  • Ten quiz został rozwiązany 480 razy
  • Średni wynik to 55 z 97
Odpowiedzi na mapie
Odpowiedzi zakodowano w zielono-czerwonej skali na mapie do tego quizu, zgodnie z poniższymi procentami.
 
Statystyki odpowiedzi
Population Odpowiedź % Poprawnych
17.2m Moskwa
96%
14.7m Londyn
95%
6.45m Madryt
95%
2.33m Warszawa
95%
812k Kraków
94%
11.4m Paryż
94%
4.75m Berlin
93%
938k Gdańsk
92%
3.45m Kijów
92%
2.55m Lizbona
92%
3.58m Rzym
92%
4.73m Barcelona
91%
1.18m Oslo
91%
878k Łódź
88%
3.35m Ateny
87%
1.29m Helsinki
87%
5.60m Petersburg
87%
2.20m Sztokholm
87%
2.00m Mińsk
86%
1.43m Praga
86%
2.25m Wiedeń
86%
1.37m Dublin
85%
1.67m Kopenhaga
85%
2.60m Budapeszt
84%
2.45m Amsterdam
83%
2.05m Bruksela
83%
2.20m Bukareszt
83%
5.20m Mediolan
83%
2.28m Monachium
83%
790k Lwów
81%
701k Ryga
81%
3.05m Manchester
79%
921k Zagrzeb
78%
2.88m Hamburg
77%
1.15m Porto
77%
1.30m Sofia
77%
1.87m Liverpool
75%
4.23m Neapol
75%
1.66m Marsylia
73%
1.99m Lyon
70%
1.64m Turyn
69%
1.42m Belgrad
67%
858k Tirana
67%
820k Kiszyniów
66%
1.66m Glasgow
64%
15.8m Istambuł
62%
1.65m Charków
61%
853k Edynburg
60%
3.23m Rotterdam
60%
1.32m Sewilla
60%
3.13m Birmingham
57%
855k Palermo
57%
1.45m Donieck
56%
3.28m Frankfurt
56%
892k Bilbao
53%
1.10m Odessa
52%
1.41m Zurych
51%
848k Belfast
48%
978k Nicea
48%
780k Drezno
44%
980k Florencja
44%
687k Cardiff
43%
2.15m Leeds
43%
1.06m Bordeaux
41%
1.77m Valencia
41%
682k Genewa
40%
1.01m Malaga
40%
1.04m Antwerpia
39%
1.01m Brema
37%
705k Genua
37%
2.43m Stuttgart
37%
1.30m Lille
33%
781k Bolonia
32%
1.40m Dniepr
32%
1.47m Newcastle
31%
1.03m Tuluza
28%
1.41m Wołgograd
28%
1.21m Norymberga
27%
1.30m Rostów
27%
759k Saragossa
27%
1.16m Southampton
27%
1.15m Hanower
26%
765k Leicester
24%
1.74m Niżny Nowogród
22%
1.56m Sheffield
19%
1.00m Krasnodar
17%
788k Tesaloniki
15%
1.38m Nottingham
14%
799k Utrecht
14%
759k Zaporoże
14%
724k Alicante
12%
1.06m Woroneż
10%
1.58m Mannheim
8%
803k Saarbrücken
7%
804k Akwizgran
6%
731k Karlsruhe
5%
805k Gotenborg
4%
Nie znaleziono quizów pasujących do podanych kryteriów
Rozkład punktacji
Procent ludzi z każdym wynikiem
Percentyl według liczby udzielonych odpowiedzi
Twoja historia wyników
Nie rozwiązałeś tego quizu